000 00508nam a2200205Ia 4500
008 200601s9999 xx 000 0 und d
020 _a0-07-146917-6
050 _aREF PC 1137
050 _b.S29 2006
245 0 _aSay it right in Italian /
260 _aNew York :
260 _bMcGraw-Hill.
260 _c2006
300 _a166 pages :
300 _billustrations ;
300 _c19 cm.
440 _aSay it right
500 _aIncludes index.
650 _aItalian language -- Pronunciation.
999 _c363373
_d363373